banner-ar

ادوات الكتابة من الفتح العربى حتى نهاية العصر المملوكى : رسالة مقدمة لنيل درجة الماجستير فى الفنون الاسلامية / (Record no. 40258)

MARC details
000 -الفاتح
حقل البيانات ثابتة الطول 00897nam a2200229Ia 4500
008 - عناصر البيانات ثابتة الطول - معلومات عامة
حقل البيانات ثابتة الطول 140319s9999 xx 000 0 ara d
040 ## - مصدر الفهرسة
وكالة الفهرسة الأصلية GCL /
وكالة النسخ GCL
082 04 - رقم تصنيف ديوى العشرى
رقم التصنيف 411.6
رقم المادة س ا
100 1# - المدخل الرئيسى - إسم شخصى
الإسم الشخصى محمود حلمى مصطفى (اشراف)
245 10 - بيان العنوان
العنوان ادوات الكتابة من الفتح العربى حتى نهاية العصر المملوكى : رسالة مقدمة لنيل درجة الماجستير فى الفنون الاسلامية /
بيان المسئوليه,etc محمود حلمى مصطفى (اشراف)
700 1# - المدخل الاضافى - اسم شخصى
الإسم الشخصى السيد محمد على خليفة
700 1# - المدخل الاضافى - اسم شخصى
الإسم الشخصى عبدالرحمن محمود عبدالتواب
300 ## - الوصف المادى
التعداد 382 ص
490 ## - بيان السلسلة
عنوان السلسلة
650 04 - المدخل الاضافى بالموضوع-مصطلح موضوعى
مصطلح موضوعي الكتابة العربية
650 04 - المدخل الاضافى بالموضوع-مصطلح موضوعى
مصطلح موضوعي النقوش العربية
650 04 - المدخل الاضافى بالموضوع-مصطلح موضوعى
مصطلح موضوعي الخط
650 04 - المدخل الاضافى بالموضوع-مصطلح موضوعى
مصطلح موضوعي الكتابة - ادوات ومواد
650 04 - المدخل الاضافى بالموضوع-مصطلح موضوعى
مصطلح موضوعي الكتابة، علم
942 ## - عناصر المدخل الإضافي( كوها)
مصدر التصنيف او مخطط الترفيف Dewey Decimal Classification
Koha [default] item type كتاب
Holdings
حالة التراجع حالة الفقد حالة تلف ليس للاعارة المكان المؤقت الموقع الحالى تاريخ الاكتساب اجمالي اﻻعارات رقم الطلب الباركود تاريخ اخر مشاهدة تاريخ تفعيل السعر نوع وعاء كوها
        مكتبة القاهرة الكبرى مكتبة القاهرة الكبرى 03/26/2014   411.6\س ا 97703 03/26/2014 03/26/2014 كتاب

Powered By

EGPV